000 00508nam a2200169Ia 4500
008 090711s9999 xx 000 0 und d
082 _b77418
100 _aसरदेसाई गो. बा.
245 _aघरगुती अपघात
260 _c1994
300 _a71
600 _aसरदेसाई गो. बा.
630 _aघरगुती अपघात
700 _aसरदेसाई गो. बा.
730 _aघरगुती अपघात
942 _cBOOK
999 _c309623
_d309623